MARC

LEADER 00000nam0a2200000 4500
001 327789
005 20231102004008.0
035 |a (RuTPU)RU\TPU\book\353476 
090 |a 327789 
100 |a 20170203d1979 km y0rusy50 ca 
101 0 |a rus 
102 |a RU 
105 |a a z 001zy 
200 1 |a Типовые задачи оперативного управления непрерывным производством  |f Е. Е. Дудников, Ю. М. Цодиков 
210 |a Москва  |c Энергия  |d 1979 
215 |a 272 с.  |c ил. 
225 1 |a Применение вычислительных машин в исследованиях и управлении производством 
320 |a Библиогр.: с. 262-270 
606 1 |a Автоматизированные системы планирования и управления  |2 stltpush  |3 (RuTPU)RU\TPU\subj\615  |9 29488 
610 1 |a оперативное управление 
610 1 |a непрерывное производство 
610 1 |a типовые задачи 
610 1 |a модели 
610 1 |a агрегаты 
610 1 |a технологические операции 
610 1 |a схемы соединения 
610 1 |a планирование 
610 1 |a материальные потоки 
610 1 |a программное обеспечение 
610 1 |a АСУТП 
675 |a 658.012.011.56  |v 4 
700 1 |a Дудников  |b Е. Е.  |g Евгений Евгеньевич 
701 1 |a Цодиков  |b Ю. М.  |g Юлий Моисеевич 
801 1 |a RU  |b 63413507  |c 20170203 
801 2 |a RU  |b 63413507  |c 20170208  |g RCR 
942 |c BK